| 000 | 01477nam a2200397Ii 4500 | ||
|---|---|---|---|
| 001 | DIGCIDOB006 | ||
| 003 | NyNyDIG | ||
| 006 | m o d | ||
| 007 | cr ||||||||||| | ||
| 008 | 131201s2005 sp ob 000 0 spa d | ||
| 020 | _z848707250X | ||
| 020 | _z9788487072505 | ||
| 035 | _a(OCoLC)888261872 | ||
| 040 |
_aDGITA _beng _epn _cDGITA |
||
| 043 | _ae-sp--- | ||
| 050 | 1 | 4 | _aHF3689.C7 eBook |
| 100 | 1 | _aSolé, Carlota. | |
| 245 | 1 | 0 |
_aNegocios étnicos _h[electronic resource] : _blos comercios de los inmigrantes no comunitarios en Cataluña / _cCarlota Solé y Sònia Parella. |
| 264 | 1 |
_aBarcelona : _bFundació CIDOB : _bDistribuido por Edicions Bellaterra, S.L., _cc2005. |
|
| 300 | _a1 online resource (154 pages) | ||
| 336 |
_atext _btxt _2rdacontent |
||
| 337 |
_acomputer _bc _2rdamedia |
||
| 338 |
_aonline resource _bcr _2rdacarrier |
||
| 490 | 1 | _aInterrogar la actualidad. Serie Migraciones. | |
| 504 | _aIncludes bibliographical references (p. [143]-149). | ||
| 650 | 0 |
_aMerchants, Foreign _zSpain _zCatalonia. |
|
| 651 | 0 |
_aCatalonia (Spain) _xCommerce. |
|
| 655 | 0 | _aElectronic books. | |
| 700 | 1 | _aParella Rubio, Sònia. | |
| 791 | 2 |
_aDigitalia (Firm), _edistributor. |
|
| 830 | 0 |
_aInterrogar la actualidad. _pSerie Migraciones. |
|
| 793 | 0 |
_gDigitalia eBook Collection: _aFundació CIDOB |
|
| 856 | 4 | 0 |
_3Digitalia Hispánica _uhttps://www.digitaliapublishing.com/a/19567/ |
| 910 | _aPremium Collection: 2007-2012 | ||
| 942 | _cRAA | ||
| 999 |
_c236506 _d236506 |
||